[Event "African Individual Chess Championship 2015 - Open Section"]
[Site "Cairo"]
[Date "2015.05.02"]
[Round "1"]
[White "Ameir, Moheb"]
[Black "Amin, Bassem"]
[Result "0-1"]
[WhiteElo "2290"]
[BlackElo "2633"]
[EventDate "2015.05.02"]
[PlyCount "76"]

1.e4 e5 2.Nf3 Nc6 3.Bb5 a6 4.Ba4 Nf6 5.O-O Be7 6.Re1 b5 7.Bb3 d6 8.c3 O-O 
9.h3 Nb8 10.d4 Nbd7 11.Nbd2 Bb7 12.Bc2 Re8 13.Nf1 Bf8 14.Ng3 g6 15.Bg5 h6 
16.Be3 exd4 17.Bxd4 c5 18.Bxf6 Qxf6 19.a4 b4 20.cxb4 cxb4 21.Qd2 a5 22.Bb3
Nc5 23.Bd5 Bxd5 24.Qxd5 Qxb2 25.e5 Qb3 26.Qc6 dxe5 27.Nxe5 Rac8 28.Qb5 Bg7
29.Nc4 Rxe1+ 30.Rxe1 Qxa4 31.Qxa4 Nxa4 32.Nxa5 Nc3 33.Nb3 Ra8 34.Nf1 Kf8 
35.Nfd2 Ra3 36.f4 Nd5 37.Re4 Bc3 38.Kf1 f5 0-1

[Event "African Individual Chess Championship 2015 - Open Section"]
[Site "Cairo"]
[Date "2015.05.02"]
[Round "1"]
[White "Adly, Ahmed"]
[Black "Oatlhotse, Providence"]
[Result "1-0"]
[WhiteElo "2593"]
[BlackElo "2271"]
[EventDate "2015.05.02"]
[PlyCount "99"]

1.Nf3 Nf6 2.g3 d5 3.Bg2 c6 4.O-O Bf5 5.c4 e6 6.b3 Nbd7 7.Bb2 Bc5 8.d3 O-O 
9.Nbd2 Qe7 10.Rb1 Rfd8 11.Qc2 h6 12.e4 dxe4 13.Nxe4 Bh7 14.Rbd1 Ba3 15.Ba1
a5 16.Nfd2 Ne8 17.Nb1 Bb4 18.Bb2 Ndf6 19.a3 Bc5 20.Nxc5 Qxc5 21.Qc3 Rd7 
22.d4 Qh5 23.Nd2 Nd6 24.Nf3 Nde4 25.Qe1 Rdd8 26.Ne5 Nd6 27.f3 Nfe8 28.Bc1 
Qf5 29.g4 Qf6 30.Qg3 Qe7 31.Rf2 a4 32.c5 Nb5 33.b4 Nxd4 34.Re1 f6 35.Nc4 
Bd3 36.Nb6 Ra6 37.f4 Bh7 38.Bf1 Ra7 39.Bb2 Nb5 40.Bc4 Nbc7 41.f5 Kh8 42.
fxe6 Nd5 43.h4 Nxb6 44.cxb6 Raa8 45.g5 c5 46.Ref1 cxb4 47.gxf6 Nxf6 48.
Rxf6 Qc5+ 49.R1f2 Rg8 50.Rf7 1-0

[Event "African Individual Chess Championship 2015 - Open Section"]
[Site "Cairo"]
[Date "2015.05.02"]
[Round "1"]
[White "El-Kholti, Ahraf"]
[Black "Haddouche, Mohamed"]
[Result "0-1"]
[WhiteElo "2268"]
[BlackElo "2492"]
[EventDate "2015.05.02"]
[PlyCount "56"]

1.e4 e5 2.Nf3 Nc6 3.Bc4 Bc5 4.c3 d6 5.d4 exd4 6.cxd4 Bb6 7.h3 Nf6 8.Nc3 h6
9.O-O O-O 10.Be3 Nxe4 11.Nxe4 d5 12.Nf6+ Qxf6 13.Bxd5 Rd8 14.Bxc6 Qxc6 15.
Qe2 Be6 16.Rfd1 Bd5 17.Ne5 Qe6 18.b3 c6 19.Qh5 Be4 20.Rac1 Rd5 21.Qh4 Bh7 
22.Nc4 Bc7 23.Re1 Qd7 24.Nd2 Re8 25.Rc5 Rxd4 26.Qh5 Rxe3 27.Rxe3 Rxd2 28.
g3 Bb6 0-1

[Event "African Individual Chess Championship 2015 - Open Section"]
[Site "Cairo"]
[Date "2015.05.02"]
[Round "1"]
[White "Choukri, Adel"]
[Black "Ezat, Mohamed"]
[Result "0-1"]
[WhiteElo "2231"]
[BlackElo "2474"]
[EventDate "2015.05.02"]
[PlyCount "96"]

1.e4 c6 2.d4 d5 3.exd5 cxd5 4.Bd3 Nc6 5.c3 Qc7 6.Nf3 Bg4 7.h3 Bh5 8.O-O e6
9.Re1 Nf6 10.Bg5 Be7 11.Nbd2 O-O 12.b4 a5 13.b5 Nb8 14.Qc2 Bg6 15.a4 Nbd7 
16.c4 dxc4 17.Bxg6 hxg6 18.Qxc4 Rfc8 19.Ne5 Qxc4 20.Nexc4 Bb4 21.Bxf6 gxf6
22.Rec1 Rc7 23.Rab1 Rac8 24.Rd1 Rxc4 25.Nxc4 Rxc4 26.Rbc1 Nb6 27.Rxc4 Nxc4
28.Rc1 Nd6 29.Kf1 Kf8 30.Ke2 Ke8 31.b6 e5 32.d5 f5 33.g4 fxg4 34.hxg4 Ba3 
35.Rc2 Kd8 36.Kd3 Ne8 37.Ke4 Nf6+ 38.Kf3 Bd6 39.g5 Nd7 40.Rb2 Bb4 41.Re2 
Nxb6 42.Rxe5 Nxa4 43.d6 Nc5 44.Re7 a4 45.Rxf7 a3 46.Rf8+ Kd7 47.Ra8 Na6 
48.Rh8 a2 0-1

[Event "African Individual Chess Championship 2015 - Open Section"]
[Site "Cairo"]
[Date "2015.05.02"]
[Round "1"]
[White "El-Gindy, Essam"]
[Black "Nafiri, Khalil"]
[Result "1-0"]
[WhiteElo "2450"]
[BlackElo "2230"]
[EventDate "2015.05.02"]
[PlyCount "35"]

1.d4 c5 2.d5 f5 3.g3 d6 4.Bg2 g6 5.Nh3 Nf6 6.O-O Bg7 7.Nf4 O-O 8.Nc3 Na6 
9.a4 Nc7 10.Nb5 Nxb5 11.axb5 Qb6 12.c4 a6 13.Bd2 Qa7 14.Ba5 b6 15.Bc3 a5 
16.Qc2 Bd7 17.Rae1 Kh8 18.h4 1-0

[Event "African Individual Chess Championship 2015 - Open Section"]
[Site "Cairo"]
[Date "2015.05.02"]
[Round "1"]
[White "Buti, Raphael"]
[Black "Arab, Adlane"]
[Result "0-1"]
[WhiteElo "2196"]
[BlackElo "2439"]
[EventDate "2015.05.02"]
[PlyCount "46"]

1.Nf3 Nf6 2.c4 e6 3.g3 d5 4.d4 Bb4+ 5.Bd2 Be7 6.Bg2 O-O 7.O-O c6 8.Qc2 b6 
9.Rd1 Ba6 10.b3 Nbd7 11.Bf4 Rc8 12.Ne5 Nxe5 13.dxe5 Nd7 14.h4 Qc7 15.Nd2 
Nxe5 16.cxd5 exd5 17.Bh3 Rcd8 18.Bxe5 Qxe5 19.Qxc6 Bxe2 20.Re1 Bc5 21.Nf1 
Rd6 22.Qa4 Rf6 23.Rxe2 Qxe2 0-1

[Event "African Individual Chess Championship 2015 - Open Section"]
[Site "Cairo"]
[Date "2015.05.02"]
[Round "1"]
[White "Abdel Razik, Khaled"]
[Black "Abu Zied, Ahmed"]
[Result "1-0"]
[WhiteElo "2430"]
[BlackElo "2187"]
[EventDate "2015.05.02"]
[PlyCount "84"]

1.d4 g6 2.c4 Bg7 3.Nc3 c5 4.d5 Bxc3+ 5.bxc3 f5 6.e4 fxe4 7.f3 e5 8.Qe2 Nf6
9.fxe4 Qa5 10.Bd2 d6 11.h3 Qa3 12.g4 Qb2 13.Rc1 Qxa2 14.Qe3 Nbd7 15.Bd3 
Nb6 16.Qe2 O-O 17.Bh6 Qxe2+ 18.Kxe2 Rf7 19.Nf3 Nxg4 20.hxg4 Bxg4 21.Rhf1 
a5 22.Ke3 Bxf3 23.Rxf3 Rxf3+ 24.Kxf3 a4 25.Ke2 a3 26.Ra1 a2 27.Kd2 Nd7 28.
Kc2 Nf6 29.Kb2 Ng4 30.Bg5 Ra3 31.Rxa2 Rxa2+ 32.Kxa2 Kf7 33.Kb3 h6 34.Be2 
Nf2 35.Bxh6 Nxe4 36.Bf3 Nf6 37.Ka4 Nh7 38.Kb5 g5 39.Be4 Nf6 40.Bf5 g4 41.
Kb6 g3 42.Bh3 Ke7 1-0

[Event "African Individual Chess Championship 2015 - Open Section"]
[Site "Cairo"]
[Date "2015.05.02"]
[Round "1"]
[White "Ghattour, Mosab"]
[Black "Abdelnabbi, Imed"]
[Result "0-1"]
[WhiteElo "2138"]
[BlackElo "2421"]
[EventDate "2015.05.02"]
[PlyCount "41"]

1.e4 e5 2.Nc3 Nc6 3.g3 h5 4.d3 h4 5.Bg2 Bc5 6.Nd5 d6 7.Be3 Bxe3 8.Nxe3 h3 
9.Bf1 Nf6 10.g4 d5 11.f3 d4 12.Nf5 Bxf5 13.gxf5 Nh5 14.Qd2 Nf4 15.O-O-O 
Qh4 16.Ne2 Ng2 17.Bxg2 hxg2 18.Rhg1 Qxh2 19.Qe1 g6 20.Qg3 Qh6+ 21.Kb1 0-1

[Event "African Individual Chess Championship 2015 - Open Section"]
[Site "Cairo"]
[Date "2015.05.02"]
[Round "1"]
[White "Farahat, Ali"]
[Black "Nadir, Samir"]
[Result "0-1"]
[WhiteElo "2390"]
[BlackElo "2136"]
[EventDate "2015.05.02"]
[PlyCount "136"]

1.e4 c6 2.d4 d5 3.exd5 cxd5 4.c4 Nf6 5.Nc3 Nc6 6.Nf3 Bg4 7.cxd5 Nxd5 8.Qb3
Bxf3 9.gxf3 e6 10.Qxb7 Nxd4 11.Bb5+ Nxb5 12.Qc6+ Ke7 13.Qxb5 Qd7 14.Nxd5+ 
Qxd5 15.Qxd5 exd5 16.O-O Ke6 17.Be3 Be7 18.Rad1 Rad8 19.Rfe1 Kf5 20.Re2 
Rd7 21.Rd4 g5 22.Red2 Rhd8 23.Ra4 Bf6 24.Ra5 Ke6 25.Re2 Kf5 26.Rd2 Ke6 27.
Bc5 Be5 28.b4 Rb8 29.a3 Rbb7 30.Kf1 Bxh2 31.Ra6+ Kf5 32.Rh6 Bf4 33.Rd3 f6 
34.Ke2 Rbc7 35.Rd1 Be5 36.Kd3 Kf4 37.Rh3 Kf5 38.Kc2 Rc6 39.Kb3 Re6 40.Rdh1
a6 41.Rxh7 Rxh7 42.Rxh7 Kf4 43.Rh3 Rc6 44.a4 Re6 45.a5 Rc6 46.Be3+ Kf5 47.
Bc5 Kf4 48.Be3+ Kf5 49.Bd2 d4 50.Rh1 Bf4 51.Rd1 Bxd2 52.Rxd2 Rc3+ 53.Kb2 
Ke5 54.f4+ gxf4 55.Re2+ Kd5 56.b5 Rc5 57.bxa6 Rxa5 58.f3 Rxa6 59.Re4 Rc6 
60.Re8 d3 61.Rd8+ Kc4 62.Re8 Rb6+ 63.Kc1 Kc3 64.Rc8+ Kd4 65.Re8 Rb5 66.Kd2
Rb2+ 67.Kd1 Rg2 68.Kc1 Re2 0-1

[Event "African Individual Chess Championship 2015 - Open Section"]
[Site "Cairo"]
[Date "2015.05.02"]
[Round "1"]
[White "Adam, Jamal"]
[Black "Hesham, Abdelrahman"]
[Result "0-1"]
[WhiteElo "2092"]
[BlackElo "2389"]
[EventDate "2015.05.02"]
[PlyCount "92"]

1.e4 c5 2.Nc3 d6 3.Nf3 e5 4.Bc4 Nc6 5.d3 Be7 6.h3 Nf6 7.O-O O-O 8.Nd5 Be6 
9.Nxf6+ Bxf6 10.Bxe6 fxe6 11.c3 Qe7 12.Be3 Rad8 13.Qa4 d5 14.Qb5 d4 15.
cxd4 exd4 16.Bd2 a6 17.Qb3 Rc8 18.a4 Kh8 19.Rac1 e5 20.Rc2 Nd8 21.Rfc1 Ne6
22.a5 Rc6 23.Qd5 Rd6 24.Qc4 Bh4 25.Nxe5 Bxf2+ 26.Kh1 Bg3 27.Ng4 h5 28.Nh2 
Qh4 29.Rf1 Rxf1+ 30.Nxf1 Be5 31.Kg1 Kh7 32.Qb3 Qe7 33.Nh2 Bf4 34.Nf3 Bxd2 
35.Rxd2 h4 36.e5 Rc6 37.Qd5 Ng5 38.Nxg5+ Qxg5 39.Re2 Qc1+ 40.Kf2 Rc8 41.
Qf7 Qg5 42.Re4 Rc6 43.e6 c4 44.e7 cxd3 45.Kg1 Rc1+ 46.Qf1 d2 0-1

[Event "African Individual Chess Championship 2015 - Open Section"]
[Site "Cairo"]
[Date "2015.05.02"]
[Round "1"]
[White "Kayonde, Andrew"]
[Black "El-Gabry, Mohsen"]
[Result "1-0"]
[WhiteElo "2374"]
[BlackElo "2325"]
[EventDate "2015.05.02"]
[PlyCount "69"]

1.d4 b6 2.c4 e6 3.Nc3 Bb7 4.a3 Nf6 5.d5 Bd6 6.Nf3 O-O 7.g3 c6 8.Bg5 exd5 
9.cxd5 cxd5 10.Bg2 h6 11.Bxf6 Qxf6 12.O-O Na6 13.Nxd5 Qxb2 14.Nd4 Bxd5 15.
Bxd5 Be5 16.Bxa8 Qxd4 17.Qxd4 Bxd4 18.Rad1 Bc5 19.Bb7 Nb8 20.a4 Re8 21.e4 
Kf8 22.Kg2 Ke7 23.e5 Kd8 24.Rfe1 Kc7 25.Bd5 Re7 26.f4 Nc6 27.Re4 a5 28.Kf3
h5 29.h3 g6 30.g4 hxg4+ 31.hxg4 g5 32.Bxc6 dxc6 33.fxg5 b5 34.e6 fxe6 35.
g6 1-0

[Event "African Individual Chess Championship 2015 - Open Section"]
[Site "Cairo"]
[Date "2015.05.02"]
[Round "1"]
[White "Dzilani, Abel"]
[Black "Belouadah, Saad"]
[Result "0-1"]
[WhiteElo "2049"]
[BlackElo "2351"]
[EventDate "2015.05.02"]
[PlyCount "58"]

1.d4 f5 2.Nf3 Nf6 3.Bf4 e6 4.e3 b6 5.Nbd2 Bb7 6.h3 Be7 7.Rg1 Bd6 8.Ne5 Qe7
9.Ndc4 Bxe5 10.Bxe5 d6 11.Bh2 Nbd7 12.c3 a5 13.a4 O-O 14.Be2 Kh8 15.Nd2 e5
16.Bf3 e4 17.Be2 Nd5 18.c4 Nb4 19.Nb3 d5 20.c5 Ba6 21.Bxa6 Rxa6 22.Kf1 Nd3
23.c6 Nb8 24.Nc1 Nb4 25.g4 N8xc6 26.gxf5 Rxf5 27.Qg4 Qf7 28.Bf4 Nxd4 29.
Rg2 Ra8 0-1

[Event "African Individual Chess Championship 2015 - Open Section"]
[Site "Cairo"]
[Date "2015.05.02"]
[Round "1"]
[White "Amdouni, Zoubeir"]
[Black "El-Mejbri, Ali Abdoullah"]
[Result "1-0"]
[WhiteElo "2338"]
[BlackElo "1841"]
[EventDate "2015.05.02"]
[PlyCount "61"]

1.e4 d5 2.exd5 Qxd5 3.Nc3 Qd8 4.Bc4 Nf6 5.Nf3 Bf5 6.Qe2 e6 7.d4 c6 8.Bf4 
Be7 9.O-O-O b5 10.Bd3 Bxd3 11.Rxd3 b4 12.Na4 Qa5 13.b3 Nbd7 14.Ne5 Nd5 15.
Bd2 Nxe5 16.Qxe5 O-O 17.Kb1 Bf6 18.Qe4 Rfd8 19.Rd1 Rac8 20.Nc5 Qb5 21.a4 
Qb6 22.Qg4 a5 23.Kc1 Be7 24.Rg3 g6 25.Bg5 Bxg5+ 26.Qxg5 Nc3 27.Rgd3 Rd5 
28.Qh6 Kh8 29.Rh3 Rh5 30.Rxh5 gxh5 31.Nd7 1-0

[Event "African Individual Chess Championship 2015 - Open Section"]
[Site "Cairo"]
[Date "2015.05.02"]
[Round "1"]
[White "Ruzigura, Alexis"]
[Black "Kigigha, Bomo"]
[Result "0-1"]
[WhiteElo "1754"]
[BlackElo "2301"]
[EventDate "2015.05.02"]
[PlyCount "69"]

1.e4 c5 2.Bc4 Nc6 3.Nf3 Nf6 4.Nc3 e6 5.O-O Nxe4 6.Nxe4 d5 7.Qe2 dxc4 8.
Qxc4 Qd5 9.Qe2 Be7 10.c4 Qd7 11.d3 O-O 12.b3 f5 13.Nc3 b6 14.Bb2 Bb7 15.
Rfe1 Rf6 16.Rad1 Rg6 17.g3 Nd4 18.Nxd4 cxd4 19.Nb5 Qc6 20.f3 e5 21.Rf1 Bf6
22.Qg2 a6 23.Na3 Re8 24.Rde1 f4 25.g4 h5 26.h3 hxg4 27.hxg4 Bh4 28.Re2 Bg3
29.Nc2 Qd7 30.Nb4 Rh6 31.Rc1 Rh2 32.Qf1 Qxg4 33.Nd5 Qh4 34.Qg2 Rxg2+ 35.
Kxg2 0-1

[Event "African Individual Chess Championship 2015 - Open Section"]
[Site "Cairo"]
[Date "2015.05.03"]
[Round "2"]
[White "Amin, Bassem"]
[Black "Abdel Razik, Khaled"]
[Result "1-0"]
[WhiteElo "2633"]
[BlackElo "2430"]
[EventDate "2015.05.02"]
[PlyCount "91"]

1.e4 e6 2.d3 d5 3.Nd2 c5 4.g3 Bd6 5.Qg4 Bf8 6.Qe2 Nc6 7.c3 Nf6 8.Ngf3 Be7 
9.Bg2 b6 10.O-O a5 11.a4 Ba6 12.e5 Nd7 13.h4 Qc7 14.Re1 h6 15.Nb1 c4 16.d4
b5 17.axb5 Bxb5 18.Nfd2 Ba6 19.f4 g5 20.f5 gxh4 21.Qh5 O-O-O 22.Qxf7 Nc5 
23.f6 Rdf8 24.Qh5 Nd3 25.fxe7 Nxe7 26.Rd1 Nf5 27.Nf1 Rhg8 28.Rxd3 cxd3 29.
Bf4 Nxg3 30.Bxg3 hxg3 31.Nbd2 Rg5 32.Qxh6 Qf7 33.Qf6 Qxf6 34.exf6 Rxf6 35.
Rxa5 Kb7 36.b4 Kb6 37.c4 Bxc4 38.Nxc4+ dxc4 39.Rxg5 Rf5 40.Rxf5 exf5 41.
Ne3 Kb5 42.Nd5 c3 43.Nxc3+ Kxb4 44.Nd1 Kc4 45.d5 Kc5 46.Kf1 1-0

[Event "African Individual Chess Championship 2015 - Open Section"]
[Site "Cairo"]
[Date "2015.05.03"]
[Round "2"]
[White "Abdelnabbi, Imed"]
[Black "Adly, Ahmed"]
[Result "0-1"]
[WhiteElo "2421"]
[BlackElo "2593"]
[EventDate "2015.05.02"]
[PlyCount "38"]

1.d4 Nf6 2.c4 e6 3.Nc3 Bb4 4.Qc2 c5 5.dxc5 Na6 6.a3 Bxc3+ 7.Qxc3 Nxc5 8.b4
Nce4 9.Qd4 d5 10.cxd5 O-O 11.Bb2 e5 12.Qc4 Bf5 13.h3 Qb6 14.e3 Nxf2 15.
Kxf2 Ne4+ 16.Ke2 Rac8 17.Qb3 Ng3+ 18.Kf3 Nxh1 19.g4 Bc2 0-1

[Event "African Individual Chess Championship 2015 - Open Section"]
[Site "Cairo"]
[Date "2015.05.03"]
[Round "2"]
[White "Haddouche, Mohamed"]
[Black "Hesham, Abdelrahman"]
[Result "0-1"]
[WhiteElo "2492"]
[BlackElo "2389"]
[EventDate "2015.05.02"]
[PlyCount "132"]

1.e4 c5 2.Nf3 d6 3.c3 Nf6 4.Bd3 g6 5.O-O Bg7 6.Bc2 Nc6 7.h3 O-O 8.Re1 b6 
9.d3 Bb7 10.Nbd2 e5 11.Nc4 b5 12.Ne3 h6 13.Nh2 Nd7 14.Neg4 Kh7 15.f4 h5 
16.Ne3 exf4 17.Nd5 Nb6 18.Nxf4 b4 19.Bd2 a5 20.a4 Ne5 21.Kh1 Kg8 22.Be3 
Rc8 23.Rb1 Qd7 24.d4 Nec4 25.Bc1 cxd4 26.cxd4 Qc7 27.Re2 Rfe8 28.Nf3 Nd7 
29.Bd3 Nf6 30.Qe1 d5 31.e5 Ne4 32.Nxd5 Bxd5 33.Bxe4 Nb6 34.Bg5 Qd7 35.Bxd5
Nxd5 36.Nd2 Qxa4 37.Ne4 Bf8 38.Ra1 Qb5 39.Rf2 a4 40.Qd2 a3 41.bxa3 bxa3 
42.Bh6 Qb2 43.Raf1 Qxd2 44.Bxd2 f5 45.Nd6 Bxd6 46.exd6 Red8 47.Bc1 Rc3 48.
Ra2 Rxd6 49.Rxa3 Rxa3 50.Bxa3 Ra6 51.Bc5 Ra2 52.Re1 Rd2 53.h4 Nf4 54.Be7 
Nxg2 55.Rb1 Nf4 56.Bf6 Ne2 57.Rb7 f4 58.Kg2 Nxd4+ 59.Kf1 Nf5 60.Bg5 Ng3+ 
61.Ke1 Re2+ 62.Kd1 f3 63.Rb8+ Kf7 64.Rb7+ Ke8 65.Rb8+ Kd7 66.Rb7+ Kc6 0-1

[Event "African Individual Chess Championship 2015 - Open Section"]
[Site "Cairo"]
[Date "2015.05.03"]
[Round "2"]
[White "Belouadah, Saad"]
[Black "Shoker, Samy"]
[Result "0-1"]
[WhiteElo "2351"]
[BlackElo "2484"]
[EventDate "2015.05.02"]
[PlyCount "98"]

1.d4 Nf6 2.c4 c5 3.dxc5 Na6 4.a3 Nxc5 5.b4 Ne6 6.Bb2 g6 7.g3 Bg7 8.Bg2 a5 
9.Nh3 Qb6 10.b5 d6 11.O-O h5 12.Nc3 h4 13.Na4 Qa7 14.e3 hxg3 15.hxg3 b6 
16.Nf4 Rb8 17.Qe2 Ng5 18.Rfd1 Bb7 19.Nd5 Bxd5 20.cxd5 Kf8 21.e4 Qd7 22.e5 
dxe5 23.Bxe5 Re8 24.Nxb6 Qf5 25.Nc4 Nfe4 26.g4 Qc8 27.Bxe4 Rh4 28.Bg2 Rxg4
29.Rac1 Rxg2+ 30.Kxg2 Qh3+ 31.Kg1 Nf3+ 32.Qxf3 Qxf3 33.Bc7 Bf6 34.Ne5 Qf5 
35.Re1 Kg7 36.Kg2 Rh8 37.Rc3 Qh5 38.Rf3 Qg5+ 39.Rg3 Qd2 40.Nd3 Qa2 41.Nf4 
Qc4 42.b6 Rh4 43.Kf3 g5 44.Re4 Qb5 45.a4 Qb1 46.Ne6+ Kh8 47.Nxg5 Qd1+ 48.
Re2 Qxd5+ 49.Ne4 Bd4 0-1

[Event "African Individual Chess Championship 2015 - Open Section"]
[Site "Cairo"]
[Date "2015.05.03"]
[Round "3"]
[White "Hesham, Abdelrahman"]
[Black "Amin, Bassem"]
[Result "0-1"]
[WhiteElo "2389"]
[BlackElo "2633"]
[EventDate "2015.05.02"]
[PlyCount "82"]

1.d4 Nf6 2.c4 e6 3.Nf3 Bb4+ 4.Nbd2 O-O 5.a3 Bxd2+ 6.Qxd2 b6 7.e3 Bb7 8.Be2
Ne4 9.Qc2 f5 10.b4 a5 11.Bb2 axb4 12.axb4 Rxa1+ 13.Bxa1 Qe7 14.c5 Bd5 15.
Ne5 d6 16.cxd6 cxd6 17.Nd3 Qd7 18.Nf4 Rc8 19.Qd1 Bc4 20.O-O Na6 21.f3 Ng5 
22.Bxc4 Rxc4 23.b5 Nc7 24.Qb3 d5 25.Rb1 Nf7 26.Nd3 Ne8 27.Ne5 Nxe5 28.dxe5
Qc7 29.Bd4 g5 30.Qa3 f4 31.Ra1 Kf7 32.h3 Ng7 33.Qd6 Rc1+ 34.Rxc1 Qxc1+ 35.
Kh2 fxe3 36.Qd7+ Kg6 37.Qe7 h6 38.Qb4 e2 39.Bc3 Qe3 40.Qb1+ Nf5 41.Qa1 d4 
0-1

[Event "African Individual Chess Championship 2015 - Open Section"]
[Site "Cairo"]
[Date "2015.05.03"]
[Round "3"]
[White "Adly, Ahmed"]
[Black "Ezat, Mohamed"]
[Result "1-0"]
[WhiteElo "2593"]
[BlackElo "2474"]
[EventDate "2015.05.02"]
[PlyCount "109"]

1.Nf3 Nf6 2.d4 g6 3.c4 Bg7 4.g3 O-O 5.Bg2 d6 6.O-O Nc6 7.Nc3 a6 8.h3 Rb8 
9.Be3 b5 10.Nd2 Bd7 11.Rc1 Na5 12.cxb5 axb5 13.b4 Nc6 14.a3 Qc8 15.Nde4 
Ne8 16.Nd5 e6 17.Nef6+ Nxf6 18.Nxf6+ Bxf6 19.Bxc6 Rb6 20.Bg2 Ra6 21.Rc3 c6
22.h4 d5 23.Bh6 Re8 24.e4 dxe4 25.Bxe4 Qd8 26.Qd2 Bg7 27.Bxg7 Kxg7 28.Rfc1
Kg8 29.h5 Qf6 30.h6 Rd8 31.Qe3 Raa8 32.Bg2 Be8 33.Qe5 Qxe5 34.dxe5 Kf8 35.
Bxc6 Bxc6 36.Rxc6 Rd5 37.Rc8+ Rxc8 38.Rxc8+ Ke7 39.f4 g5 40.Rc7+ Ke8 41.
fxg5 Rxe5 42.g6 fxg6 43.Rxh7 Kf8 44.Rc7 Kg8 45.Rg7+ Kh8 46.Rxg6 Kh7 47.Rf6
Re3 48.Kf2 Rxa3 49.g4 e5 50.g5 Rh3 51.Rf7+ Kg8 52.Rg7+ Kh8 53.Re7 Rh2+ 54.
Kg3 Rb2 55.g6 1-0

[Event "African Individual Chess Championship 2015 - Open Section"]
[Site "Cairo"]
[Date "2015.05.03"]
[Round "3"]
[White "Shoker, Samy"]
[Black "Arab, Adlane"]
[Result "1/2-1/2"]
[WhiteElo "2484"]
[BlackElo "2439"]
[EventDate "2015.05.02"]
[PlyCount "181"]

1.Nf3 d5 2.g3 Nf6 3.Bg2 c6 4.c4 Bf5 5.cxd5 cxd5 6.Qb3 Qc8 7.Nc3 e6 8.d3 
Nc6 9.O-O Be7 10.Bf4 O-O 11.Rac1 Nd7 12.a3 Bg4 13.Qa2 Qd8 14.h3 Bh5 15.b4 
a6 16.g4 Bg6 17.e4 d4 18.Ne2 Kh8 19.Qb2 e5 20.Rxc6 bxc6 21.Nxe5 Nxe5 22.
Bxe5 f6 23.Bxd4 a5 24.Nf4 axb4 25.axb4 Bf7 26.Qc3 Rb8 27.Bc5 Bxc5 28.Qxc5 
Qb6 29.Rc1 Rfd8 30.Qxc6 Qxb4 31.Qc7 Qf8 32.Qa7 Rdc8 33.Rd1 Rb2 34.Rf1 Rcc2
35.h4 Kg8 36.g5 Qd6 37.Qe3 Kh8 38.gxf6 gxf6 39.h5 Rb8 40.Kh1 Rc5 41.d4 
Rcb5 42.d5 Rb3 43.Qd2 Qe5 44.Rc1 Rg8 45.d6 Rb2 46.Qe3 Qxd6 47.Rc5 Rb3 48.
Qc1 Qb8 49.Kh2 Rb5 50.Rc7 Rb7 51.Rxb7 Qxb7 52.Qc5 Re8 53.Qf5 Qe7 54.Ne2 
Qe5+ 55.Ng3 Be6 56.Qf3 Rg8 57.Qe3 Rc8 58.Bh3 Rc3 59.Qd2 Bxh3 60.Qd8+ Kg7 
61.h6+ Kxh6 62.Qf8+ Kg5 63.Kxh3 Qe6+ 64.Kg2 Kg6 65.Qb4 Qc8 66.Nf5 Rc4 67.
Qe7 Rxe4 68.Qxe4 Qxf5 69.Qe8+ Kg5 70.Qg8+ Kh5 71.Qf8 Qg5+ 72.Kh3 Qg4+ 73.
Kh2 Qf4+ 74.Kg2 Kh4 75.Qh8 h5 76.Qd8 Qg4+ 77.Kh2 Qf3 78.Qd4+ Kg5 79.Qc5+ 
Qf5 80.Qa7 Kg4 81.Qg7+ Qg5 82.Qb7 Qf4+ 83.Kg2 f5 84.Qb3 Kg5 85.Qg8+ Kh4 
86.Qg3+ Qxg3+ 87.fxg3+ Kg4 88.Kf2 h4 89.gxh4 Kxh4 90.Kf3 Kg5 91.Kg3 
1/2-1/2

[Event "African Individual Chess Championship 2015 - Open Section"]
[Site "Cairo"]
[Date "2015.05.03"]
[Round "3"]
[White "El-Gindy, Essam"]
[Black "Haddouche, Mohamed"]
[Result "0-1"]
[WhiteElo "2450"]
[BlackElo "2492"]
[EventDate "2015.05.02"]
[PlyCount "78"]

1.d4 Nf6 2.c4 d6 3.Nc3 Nbd7 4.Nf3 g6 5.e4 e5 6.Be2 exd4 7.Nxd4 Bg7 8.O-O 
O-O 9.Bg5 Re8 10.f3 c6 11.Kh1 a5 12.Qd2 a4 13.Rab1 Qa5 14.Rfd1 Ne5 15.b3 
axb3 16.axb3 Nh5 17.g4 Nf6 18.h3 Nfd7 19.Be3 Nf8 20.f4 Ned7 21.Bf3 Ne6 22.
Nde2 Qb4 23.Qc2 Nec5 24.Bd2 Qb6 25.Be3 Qb4 26.Bd2 Qb6 27.Be1 Qc7 28.Bf2 
Ra3 29.Kg2 h6 30.Nd4 Nf6 31.Re1 Nfd7 32.Re2 Qd8 33.b4 Bxd4 34.Bxd4 Ne6 35.
Qd2 Nxd4 36.Qxd4 Nf8 37.f5 Nd7 38.fxg6 fxg6 39.Qxd6 Ne5 0-1

[Event "African Individual Chess Championship 2015 - Open Section"]
[Site "Cairo"]
[Date "2015.05.03"]
[Round "3"]
[White "Abdel Razik, Khaled"]
[Black "Kigigha, Bomo"]
[Result "1/2-1/2"]
[WhiteElo "2430"]
[BlackElo "2301"]
[EventDate "2015.05.02"]
[PlyCount "107"]

1.d4 d5 2.Nf3 Nf6 3.e3 c5 4.c3 Nbd7 5.Qa4 e6 6.Nbd2 Bd6 7.Ne5 O-O 8.f4 
Bxe5 9.dxe5 Ng4 10.Nf3 f6 11.h3 Nh6 12.exf6 Qxf6 13.g4 Nf7 14.e4 Nfe5 15.
Be2 Nxf3+ 16.Bxf3 Ne5 17.O-O Nxf3+ 18.Rxf3 Qg6 19.exd5 exd5 20.Be3 b6 21.
Raf1 Bb7 22.f5 Qf7 23.f6 g6 24.Bh6 Rfe8 25.Qd7 Ba6 26.R1f2 Qxd7 27.f7+ 
Qxf7 28.Rxf7 Re1+ 29.Kg2 Re2 30.Rg7+ Kh8 31.Rxe2 Bxe2 32.Re7 Bb5 33.Bg7+ 
Kg8 34.Bf6 Be8 35.Rg7+ Kf8 36.Rxh7 Bf7 37.h4 Re8 38.Kg3 Re6 39.g5 Re2 40.
h5 gxh5 41.Rh8+ Bg8 42.g6 Re6 43.Bg5 Kg7 44.Rh6 Re2 45.Bf4 Rxb2 46.Rxh5 
Kxg6 47.Rg5+ Kf7 48.Rxd5 Rxa2 49.Rd8 Rc2 50.Be5 Ke6 51.Kf4 Bh7 52.Rd6+ Ke7
53.Rc6 Ra2 54.Bb8 1/2-1/2

[Event "African Individual Chess Championship 2015 - Open Section"]
[Site "Cairo"]
[Date "2015.05.03"]
[Round "3"]
[White "Ameir, Moheb"]
[Black "Abdelnabbi, Imed"]
[Result "1-0"]
[WhiteElo "2290"]
[BlackElo "2421"]
[EventDate "2015.05.02"]
[PlyCount "83"]

1.e4 e5 2.Nf3 Nc6 3.Bb5 a6 4.Ba4 Nf6 5.O-O Be7 6.d3 b5 7.Bb3 d6 8.a3 O-O 
9.Nc3 Bg4 10.Be3 Qd7 11.h3 Bh5 12.Nd5 Kh8 13.Nxf6 Bxf6 14.Nxe5 Bxe5 15.
Qxh5 Bxb2 16.Ra2 Bc3 17.Bd5 Rab8 18.Qg4 Qe8 19.Qd1 Nd4 20.Bb3 f5 21.exf5 
Nxf5 22.Bd2 Bxd2 23.Qxd2 Nd4 24.Raa1 Ne2+ 25.Kh1 Nf4 26.Rae1 Qg6 27.Rg1 d5
28.d4 Rb6 29.Re3 Rbf6 30.c3 Qf7 31.Rf3 Qe7 32.a4 c6 33.axb5 axb5 34.Re1 
Qf7 35.Bd1 Nh5 36.Rxf6 Nxf6 37.Bc2 Re8 38.Re5 Ra8 39.Qe1 Qa7 40.Kh2 Qc7 
41.g3 h6 42.Bg6 1-0

[Event "African Individual Chess Championship 2015 - Open Section"]
[Site "Cairo"]
[Date "2015.05.03"]
[Round "3"]
[White "Farahat, Ali"]
[Black "Adu, Oladapo"]
[Result "1-0"]
[WhiteElo "2390"]
[BlackElo "2238"]
[EventDate "2015.05.02"]
[PlyCount "54"]

1.e4 c5 2.c3 d5 3.exd5 Qxd5 4.d4 Nf6 5.Nf3 e6 6.Bd3 Be7 7.O-O O-O 8.Qe2 
Nc6 9.dxc5 Rd8 10.Rd1 Qxc5 11.Nbd2 Qh5 12.Nf1 Qa5 13.Bf4 a6 14.N1d2 Rd5 
15.Nc4 Qd8 16.Nfe5 Nxe5 17.Nxe5 Bd7 18.c4 Ra5 19.Bg5 Qc7 20.Bxf6 gxf6 21.
Qh5 f5 22.Qxf7+ Kh8 23.Qxe7 Rxe5 24.Bxf5 exf5 25.Qf6+ Kg8 26.Rxd7 Qxd7 27.
Qxe5 Re8 1-0

[Event "African Individual Chess Championship 2015 - Open Section"]
[Site "Cairo"]
[Date "2015.05.03"]
[Round "3"]
[White "Kayonde, Andrew"]
[Black "Nafiri, Khalil"]
[Result "1/2-1/2"]
[WhiteElo "2374"]
[BlackElo "2230"]
[EventDate "2015.05.02"]
[PlyCount "36"]

1.d4 Nf6 2.Nf3 g6 3.Nc3 d5 4.Bf4 Bg7 5.Qd2 Bf5 6.e3 O-O 7.Bd3 Bxd3 8.cxd3 
Nbd7 9.O-O c5 10.dxc5 Nxc5 11.d4 Nce4 12.Nxe4 dxe4 13.Ne1 Nd5 14.Bg3 Rc8 
15.Nc2 Qb6 16.Rfb1 Rc6 17.a4 Qb3 18.Na3 e6 1/2-1/2

[Event "African Individual Chess Championship 2015 - Open Section"]
[Site "Cairo"]
[Date "2015.05.03"]
[Round "3"]
[White "Choukri, Adel"]
[Black "Belouadah, Saad"]
[Result "1-0"]
[WhiteElo "2231"]
[BlackElo "2351"]
[EventDate "2015.05.02"]
[PlyCount "71"]

1.g3 Nf6 2.Bg2 d5 3.Nf3 c6 4.d3 Bf5 5.O-O Nbd7 6.Nbd2 e5 7.Nh4 Bg4 8.h3 
Be6 9.e4 dxe4 10.dxe4 Qb6 11.Qe2 h6 12.b3 O-O-O 13.Bb2 Nh7 14.Rad1 Rg8 15.
Nc4 Qc7 16.Bc3 g6 17.Rd2 Ng5 18.Rfd1 f6 19.Kh2 Nf7 20.a4 Be7 21.Bf1 h5 22.
Ba5 b6 23.Bc3 Kb8 24.Bg2 Nc5 25.Rxd8+ Nxd8 26.Bb4 Bc8 27.Nf3 g5 28.Bc3 Nf7
29.Ne1 h4 30.Ne3 Nd6 31.Ng4 hxg3+ 32.fxg3 Ba6 33.Qe3 Ne6 34.Nf2 Nf7 35.a5 
c5 36.b4 1-0